Ils ont battu Rafael Nadal en finale - Statistiques

Statistiques générales
  • Ce quiz a été pris 145 fois
  • Le résultat moyen est 21 sur 38
Statistiques - réponses
Hint Réponse % Correct
Rome (1000) 2011 Novak Djokovic
100%
Wimbledon 2011 Novak Djokovic
100%
US Open 2011 Novak Djokovic
100%
Open d'Australie 2012 Novak Djokovic
100%
Monte Carlo (1000) 2013 Novak Djokovic
100%
Pekin (500) 2013 Novak Djokovic
100%
Londres (Masters) 2013 Novak Djokovic
100%
Miami (1000) 2014 Novak Djokovic
100%
Rome (1000) 2014 Novak Djokovic
100%
Pekin (500) 2015 Novak Djokovic
100%
Tokyo (250) 2011 Andy Murray
73%
Madrid (1000) 2015 Andy Murray
73%
Open d'Australie 2014 Stanislas Wawrinka
71%
Miami (1000) 2005 Roger Federer
65%
Wimbledon 2006 Roger Federer
65%
Hambourg (1000) 2007 Roger Federer
65%
Wimbledon 2007 Roger Federer
65%
Madrid (1000) 2009 Roger Federer
65%
Londres (Masters) 2010 Roger Federer
65%
Bâle (500) 2015 Roger Federer
65%
Open d'Australie 2017 Roger Federer
65%
Miami (1000) 2017 Roger Federer
65%
Shanghai (1000) 2017 Roger Federer
65%
Indian Wells (1000) 2022 Taylor Fritz
32%
Indian Wells (1000) 2011 Novak Djokovic
31%
Miami (1000) 2011 Novak Djokovic
31%
Madrid (1000) 2011 Novak Djokovic
31%
Doha (250) 2016 Novak Djokovic
31%
Open d'Australie 2019 Novak Djokovic
31%
Rotterdam (500) 2009 Andy Murray
18%
Paris (1000) 2007 David Nalbandian
17%
Viña del Mar (250) 2013 Horacio Zeballos
12%
Miami (1000) 2008 Nikolay Davydenko
10%
Shanghai (1000) 2009 Nikolay Davydenko
10%
Doha (250) 2010 Nikolay Davydenko
10%
Acapulco (500) 2017 Sam Querrey
9%
Chennai (250) 2008 Mikhail Youzhny
3%
Auckland (250) 2004 Dominik Hrbaty
0%
Aucun quiz correspondant
Distribution des résultats
% des personnes avec chaque résultat
Percentile par nombre de réponses
Votre historique - résultats
Vous n’avez pas pris ce quiz